<?xml version="1.0" encoding="UTF-8"?>
<record
    xmlns:xsi="http://www.w3.org/2001/XMLSchema-instance"
    xsi:schemaLocation="http://www.loc.gov/MARC21/slim http://www.loc.gov/standards/marcxml/schema/MARC21slim.xsd"
    xmlns="http://www.loc.gov/MARC21/slim">

  <leader>01050nam a2200253 i 4500</leader>
  <controlfield tag="001">109937</controlfield>
  <controlfield tag="003">ES-MaACL</controlfield>
  <controlfield tag="005">20240514180304.0</controlfield>
  <controlfield tag="007">t|</controlfield>
  <controlfield tag="008">061121s1955    mr      r    ||||1| spa d</controlfield>
  <datafield tag="100" ind1="1" ind2=" ">
    <subfield code="a">Murir, Muhammad el-</subfield>
    <subfield code="9">46902</subfield>
  </datafield>
  <datafield tag="245" ind1="1" ind2="0">
    <subfield code="a">Historia de los tribunales del Islam / </subfield>
    <subfield code="c">por Sidi Mohamed El Murir ; lo presenta, texto &#xE1;rabe con pr&#xF3;logo, notas, comentarios e &#xED;ndices, Alfredo Bustani.</subfield>
  </datafield>
  <datafield tag="260" ind1=" " ind2=" ">
    <subfield code="a">Tetu&#xE1;n : </subfield>
    <subfield code="b">Editora Marroqu&#xED;, </subfield>
    <subfield code="c">1955.</subfield>
  </datafield>
  <datafield tag="300" ind1=" " ind2=" ">
    <subfield code="a">1 v. ; </subfield>
    <subfield code="c">26 cm.</subfield>
  </datafield>
  <datafield tag="490" ind1="1" ind2=" ">
    <subfield code="a">Instituto General Franco de Estudios e Investigaci&#xF3;n Hispano-Arabe . Secci&#xF3;n 1&#xAA; ; </subfield>
    <subfield code="v">7</subfield>
  </datafield>
  <datafield tag="505" ind1="8" ind2=" ">
    <subfield code="a">Contiene: T. II</subfield>
  </datafield>
  <datafield tag="546" ind1=" " ind2=" ">
    <subfield code="a">Texto en &#xE1;rabe.</subfield>
  </datafield>
  <datafield tag="650" ind1=" " ind2="4">
    <subfield code="a">Tribunales musulmanes-</subfield>
    <subfield code="v">Historia.</subfield>
    <subfield code="9">168524</subfield>
  </datafield>
  <datafield tag="700" ind1="1" ind2=" ">
    <subfield code="a">Bustani, Alfredo.</subfield>
    <subfield code="9">32888</subfield>
  </datafield>
  <datafield tag="710" ind1="2" ind2=" ">
    <subfield code="a">Instituto General Franco de Estudios e Investigaci&#xF3;n Hispano-&#xC1;rabe.</subfield>
    <subfield code="9">149197</subfield>
  </datafield>
  <datafield tag="830" ind1="0" ind2=" ">
    <subfield code="a">Publicaciones del Instituto General Franco de Estudios e Investigaci&#xF3;n Hispano-&#xC1;rabe</subfield>
    <subfield code="v">7</subfield>
    <subfield code="9">231057</subfield>
  </datafield>
  <datafield tag="852" ind1=" " ind2=" ">
    <subfield code="a">ES-MaACL</subfield>
    <subfield code="j">P-996</subfield>
  </datafield>
  <datafield tag="999" ind1=" " ind2=" ">
    <subfield code="c">109937</subfield>
    <subfield code="d">109937</subfield>
  </datafield>
  <datafield tag="952" ind1=" " ind2=" ">
    <subfield code="0">0</subfield>
    <subfield code="1">0</subfield>
    <subfield code="4">0</subfield>
    <subfield code="7">0</subfield>
    <subfield code="a">ATENEOM</subfield>
    <subfield code="b">ATENEOM</subfield>
    <subfield code="c">DEPO2</subfield>
    <subfield code="d">2008-01-17</subfield>
    <subfield code="e">SC</subfield>
    <subfield code="l">0</subfield>
    <subfield code="o">P-996</subfield>
    <subfield code="p">1114703</subfield>
    <subfield code="r">2023-02-23 00:00:00</subfield>
    <subfield code="w">2023-02-23</subfield>
    <subfield code="y">MONOGRAFIA</subfield>
  </datafield>
</record>
